000 00812cab a2200241 4500
001 WB3341-20
008 090401t1997 xxu||||| |||| 00| 0 eng d
035 _a(Sirsi) u81563
041 _aeng
245 _aBrussels in environmental clampdown
260 _c1997
350 _a0
490 _aFinancial Times
_v18/19 October 1997, 2(1)
520 _aThe European Commission has started taking legal action against 13 of the 15 EU countries for failing to implement environmental legislation to improve nature protection and waste disposal facilities.
650 _aEUROPEAN COMMISSION
650 _aGREENHOUSE GAS EMISSIONS
650 _aNATURA 2000
650 _aWASTE DISPOSAL
650 _aWASTE MANAGEMENT
690 _aENVIRONMENTAL AND LAND CONSULTANCY
942 _n0
948 _c21/10/1997
999 _c51395
_d51395